Priateľská návšteva Delegácia SOR na Ukrajinu

Bibliographic Details
Main Author: (fg) (Author)
Format: Article
Language:Slovak
Subjects:

MARC

LEADER 00000nab a2200000 a 4500
001 vtls000358402
003 SK-MaSNL
005 20260302223647.0
008 111201c1989 xo 0 slo
015 |a SNBRB19rr/mm-uuuuu 
035 |a CL0358524 
040 |a SNKBUCL  |b slo  |c SNKBUCL  |e AACR2 
041 0 |a slo 
044 |a xo  |c SK 
080 |a 331.88(437:477)  |2 1981 
080 |a 331.88(100)(477:437)  |2 1981 
100 1 |a (fg)  |4 aut  |9 953657 
245 1 0 |a Priateľská návšteva  |b Delegácia SOR na Ukrajinu  |c (fg) 
650 0 7 |a SOR  |2 snkbucl  |9 921551 
650 0 7 |a Ukrajinská republiková odborová rada  |2 snkbucl  |9 951646 
655 7 |a články z novín a časopisov  |2 snkbucl  |9 267496 
773 0 |t Práca  |g Roč. 44, č. 172 (24. 7. 1989), s. 1 
850 |a Slovenská národná knižnica v Martine  |a MTA001 
852 |a SNK  |b KIS3GCP 
958 |a RK 
992 |a RBX 
999 |c 1521289  |d 1523219